000 00802nam a2200265Ia 4500
003 OSt
005 20220923213654.0
006 a|||||r|||| 00| 0
007 ta
008 220922b |||||||| |||| 00| 0 hin d
020 _c9.5
024 _a163,896
037 _cTextual
040 _aARTS
_cARTS
_bhin
041 _2hin
_ahin
082 _aO152,1N171x, K5
100 _aदेवराज
245 0 _aइतिहास पुरूष
246 _aItihās purūṣha
260 _aवाराणसी
_b भारतीय ज्ञानपीठ प्रकाशन
_c1965
300 _a100 पृ.
_ccm.
650 _aहिन्दी साहित्य
_9156264
942 _hO152,1N171x, K5
_cTEXL
_2CC
999 _c318376
_d318376